00632 2200229 4500001002100000005001500021035002000036007000300056008004100059020002200100082001100122084001700133100001800150245006700168250001000235260003900245300003700284650002600321504003100347990001200378990001200390INLIS00000000000542520200227094459 a0010-0220000143ta200227 g 0 ind  a978-602-202-168-1 a610.73 a610.73 ENY s0 aENY, Kusmiran1 aSoft Skills Caring dalam Pelayanan Keperawatan /cEny Kusmiran acet.1 aJakarta :bTrans Info Media,c2015 axii, 185 hlm. :bilus. ;c21 cm. 4aPERAWAT DAN PERAWATAN aBibliografi : hlm. 181-185 a17088 A a17088 B